000 00579nam a2200217Ia 4500
003 OSt
005 20230408112343.0
008 210423s2006 xx 000 0 und d
020 _a1841693928
040 _cAL
041 _aeng
082 _a158.7 MCKE
100 _aMCKENNA (Eugene).
_984931
245 _aBusiness psychology and organisational behaviour.
250 _a4
260 _aNew Delhi
_bPearson Education Pvt Ltd
_c2006
300 _axiii,798
_bHB
365 _b1808
_cINR
906 _abehaviour. ; Business ; organisational ; psychology
942 _2ddc
_cBK
999 _c158285
_d158285